00568 2200217 4500001002100000005001500021035002000036007000300056008004100059082000800100084001400108100002900122245004500151250002000196300001600216264003500232336002100267337003000288338002300318990000900341INLIS00000000000272520260210075623 a0010-0226000014ta260210 0  a294 a294 LIE k0 aLie Kuo YoungePengarang1 aKisah Nyata Hukum Karma /cLie Kuo Young acetakan pertama a64 ;c14 cm aJakarta :bVihara Pusat,c1990 2rdacontentateks 2rdamediaatanpa perantara 2rdacarrieravolume a6084